00321pab a2200121 454500008004000000100001700040245004900057260000900106300001200115362001100127650002700138773003400165180718b1989 xxu||||| |||| 00| 0 eng d aAlavi, Hamza aNationhood and the nationalities in Pakistan c1989 a1527-34 a8 July aNationalism - Pakistan aEconomic and Political Weekly